000
00174nam a22000857a 4500
999
_c
16298
_d
16298
003
OSt
008
200721b ||||| |||| 00| 0 eng d
245
_a
Panchayats act
942
_c
BK